000
00217 a2200097 4500
001
25436
100
_a
King, G J
245
_a
Hi-Fi and tape recorder H/BK
260
_a
_b
Newnes Butterworth
_c
090
_c
17174
_d
17174
942
_a
NUST-CAE
_c
M
_c
7974
999
_c
260509
_d
260509